Ainur of Tolkien - Sudden Death - Statistics

General Stats
  • This quiz has been taken 127 times
    96 since last reset
  • The average score is 16 of 26
Answers on the Grid
Answers color-coded by a green-red scale on the quiz's grid according to % correct below.
Arien
Anárion
Ancalagon
Aulë
Azog
Curufin
Déor
Dís
Draugluin
Ëarendil
Elessar
Elrond
Ëonwe
Eru
Estë
Fimbrethil
Gandalf
Golfimbul
Gothmog, lord of Balrogs
Hador
Idril
Ingwë
Lórien
Malbeth
Mandos
Manwë
Melian
Melkor
Nessa
Nienna
Nienor
Oromë
Ossë
Radagast
Roäc
Sandyman
Saruman
Sauron
Scatha
Shadowfax
Shelob
Telchar
Tilion
Tulkas
Túrin
Uinen
Ulmo
Vairë
Vána
Varda
Witch-king of Angmar
Yavanna
 
Answer Stats
Answer % Correct
Aulë
82%
Mandos
76%
Saruman
76%
Gandalf
73%
Manwë
73%
Radagast
69%
Sauron
69%
Ëonwe
67%
Melkor
67%
Varda
67%
Gothmog, lord of Balrogs
65%
Lórien
65%
Nessa
65%
Estë
63%
Nienna
63%
Oromë
63%
Melian
61%
Ossë
61%
Tulkas
61%
Ulmo
61%
Yavanna
61%
Vána
55%
Vairë
51%
Arien
43%
Uinen
41%
Tilion
29%
No matching quizzes found
Score Distribution
Percent of People with Each Score
Percentile by Number Answered
Your Score History
You have not taken this quiz since the last reset